| 000 | 00676nam a22002177a 4500 | ||
|---|---|---|---|
| 999 |
_c20848 _d20848 |
||
| 003 | AR-CdUCM | ||
| 008 | 190606b ||||| |||| 00| 0 spa d | ||
| 040 |
_aMUNICIPALIDAD PROVINCIAL DEL CUSCO _cBIBLIOTECA MUNICIPAL DEL CUSCO |
||
| 082 |
_a869.634 / _bU42 |
||
| 110 |
_aUniversidad de Antioquia _943531 |
||
| 245 | _aPasión de la soledad / | ||
| 260 |
_aLima: _bAntioquia, |
||
| 300 |
_a117 - 129 páginas; _c24 cm. |
||
| 440 |
_aAntologia - _n- 7 _943532 |
||
| 505 | _aContenido: Poemas latinoamericanos. | ||
| 650 |
_aPoemas _9929 |
||
| 650 |
_aLatinoamerica _94398 |
||
| 700 |
_aToro, Jorge Y Torres, Eddy (notas) _943533 |
||
| 942 |
_2ddc _cLIBROS |
||
| 945 | _aJavier | ||